[Event "EU-ch 6th"]
[Site "Warsaw"]
[Date "2005.06.20"]
[Round "3"]
[White "Sokolov, Ivan"]
[Black "Frolyanov, Dmitry"]
[Result "1-0"]
[WhiteElo "2662"]
[BlackElo "2505"]
[Annotator "Roiz,M"]
[PlyCount "55"]
[EventDate "2005.06.18"]
[EventType "swiss"]
[EventRounds "13"]
[EventCountry "POL"]
[SourceTitle "CBM 108"]
[Source "ChessBase"]
[SourceDate "2005.09.26"]
[SourceVersion "1"]
[SourceVersionDate "2005.09.26"]
[SourceQuality "1"]

1. d4 d5 2. c4 e6 3. Nf3 c6 4. e3 f5 5. Bd3 Nf6 6. O-O Bd6 7. b3 O-O {Allowing
white to exchange the dark-squared bishops immediately.} (7... Qe7 {-->is much
more popular here.}) 8. Nc3 {[%cal Gc3e2] At the same time,white deviates from
the most popular plan which connected with 8.Ba3 and sends the knight towards
e2,where it may be very useful for taking control of the dark squares. Ivan
has already tried that system in his several games.} b6 {A modern way of
development. Another plan is activating the light-squared bishop by
Bc8-d7-e8-h5,followed by Nf6-e4 at some moment.} 9. Bb2 Ne4 {Sometimes black
is waiting with a development of Bc8,as it can be also placed well at a6.} (
9... Bb7 10. Rc1 Ne4 11. Ne2 Nd7 12. cxd5 cxd5 13. Ne5 Qe7 14. Bb5 Nxe5 15.
dxe5 Bc5 16. Nd4 a6 17. Bd3 Rfc8 18. f3 Ng5 19. Qe2 $14 {1/2-1/2 Sokolov,
I-Lautier,J/Cologne GER 2003 (43)}) 10. Ne2 Bb7 ({In the following game
Sokolov has realized the main ideas of that system:} 10... Nd7 11. Rc1 Qe7 12.
Ne5 Nxe5 $6 (12... Bb7 $142) 13. dxe5 Ba3 14. Bxa3 Qxa3 15. Nd4 {that square
is just ideal for the Ne2!} Bd7 16. cxd5 cxd5 17. Bxe4 fxe4 18. Rc7 $16 {
1-0 Sokolov,I-Marcelin,C/Bordeaux FRA 2003 (27)}) 11. Ne5 Nd7 12. cxd5 $146 (
12. f3 Nef6 13. cxd5 cxd5 14. Nf4 Qe7 15. h4 Rfc8 16. Qe2 Nf8 17. Qf2 Rc7 18.
Rac1 Rac8 19. Rxc7 Rxc7 20. Qg3 N6d7 $11 {1/2-1/2 Damljanovic,B-Giorgadze,G/
Sanxenxo ESP 2004 (20)}) 12... exd5 $6 {That move was probalby connected with
some kind of blunder.} ({There was nothing wrong with} 12... cxd5 13. Nf4 (13.
Rc1 Qe7 $11 {[%cal Ga8c8]}) 13... Qe7 14. f3 Ng5 15. Qe2 Nxe5 16. dxe5 Bc5 $11)
13. f3 Ng5 14. Qc2 {[%csl Rc6,Rf5][%cal Ge5c6,Gc2f5,Gd3f5,Gc2c6] Attacking the
Pf5 and the Pc6 at the same time!} Qc7 $2 {After that really bad move black's
position becomes critical.} ({Much better would be:} 14... g6 $142 $14 {
and black has a solid position,although after g7-g6 his king feels less safely.
} {At the same time, the immediate attempt to win the material fails to:} 15.
Nxc6 $6 Qf6 $1 (15... Qe8 $6 16. Ne5 Nxe5 17. dxe5 Bxe5 18. Nd4 $14) 16. Ne5
Nxe5 17. dxe5 Bxe5 18. Bd4 (18. Nd4 $2 f4 $36) 18... Bxd4 19. Nxd4 f4 20. Qf2
fxe3 21. Qxe3 Rae8 22. Qf2 Ne6 $11) 15. h4 $1 {That concrete move gives white
a great advantage.} Ne4 {That is probably the best practical chance.} ({After} 
15... Ne6 $2 16. Nxd7 Qxd7 17. Bxf5 $18) ({or} 15... Nf7 16. Nxf7 Rxf7 17. Bxf5
{white is just a pawn up.}) 16. fxe4 Bxe5 ({The immediate} 16... fxe4 $2 17.
Bxe4 {loses immediately:} dxe4 18. Qc4+ Kh8 19. Nf7+ $18) 17. dxe5 {White
prefers to play with the queens on the board in order to use the power of Bb2.}
({He could also play:} 17. exd5 Bh2+ 18. Kh1 cxd5 19. Qxc7 Bxc7 20. Bxf5 Nf6
$16 {but black has some drawish chances in this endgame.}) 17... fxe4 18. Bxe4
({Nothing special gives} 18. Bb5 a6 19. e6 Nc5 {and the Bb5 is trapped anyway.
However,white always remains with a serious positional advantage.}) 18... dxe4
19. Nf4 {That is the last important moment in the game.} Nxe5 $2 {That natural
tackle helps white to use the power of Bb2 and leads to a quick disaster.} ({
The only way to continue the fight was:} 19... Nc5 $1 20. b4 ({another
promising line is:} 20. e6 $5 Qe7 {[%csl Rh4][%cal Ge7h4]} 21. Ba3 $1 Qxh4 22.
Bxc5 bxc5 {where white can choose between:} 23. Qxe4 $16 ({and} 23. Qxc5 $16))
20... Nd3 {simplifying the position at cost of the pawn} 21. Nxd3 exd3 22. Qxd3
c5 $16 {[%csl Gb7] and black gets some counterplay,although his position is
hard.}) 20. Ne6 Rxf1+ 21. Rxf1 {All white's pieces are taking part into attack,
while Bb7 and Ra8 are too far away!} Qd6 ({The same blow would decide the game
after} 21... Qe7 22. Nxg7 Qxg7 23. Rf5 {[%csl Gb2,Rg8][%cal Gf5e5]} Re8 24. Rg5
$18) {[%tqu "En","Please,find the winning move","","","e6g7","",10]} 22. Nxg7
$1 $18 {After loss of that pawn black's king becomes helpless.} c5 ({Hopeless
would be also:} 22... Kxg7 23. Rf5 Re8 24. Qxe4 $18) ({or} 22... Ba6 23. Nf5
Qe6 24. Qxe4 Bxf1 25. Bxe5 Be2 26. Qf4 $18) 23. Nf5 Qe6 24. Bxe5 {Exchanging
the last defender of black's camp!} Qxe5 25. Nh6+ Kg7 26. Ng4 {Ofcourse,the
last few moves were like an agony!} Qe7 27. Qb2+ Kg6 (27... Kg8 28. Nh6#) 28.
Rf6+ 1-0

[Event "EU-ch 6th"]
[Site "Warsaw"]
[Date "2005.06.21"]
[Round "4"]
[White "Urban, Klaudiusz"]
[Black "Dworakowska, Joanna"]
[Result "1-0"]
[WhiteElo "2497"]
[BlackElo "2383"]
[Annotator "Roiz,M"]
[PlyCount "77"]
[EventDate "2005.06.18"]
[EventType "swiss"]
[EventRounds "13"]
[EventCountry "POL"]
[SourceTitle "CBM 108"]
[Source "ChessBase"]
[SourceDate "2005.09.26"]
[SourceVersion "1"]
[SourceVersionDate "2005.09.26"]
[SourceQuality "1"]

1. d4 f5 2. c4 Nf6 3. Nc3 g6 4. Nh3 $5 {That immediate attempt to attack the
Pg6 was tried only few times by unknown players.} Bg7 {Sometimes,such a
natural move may also be inaccurate.} ({In our case,deserved attention:} 4...
d6 {[%cal Ge7e5]} 5. d5 {(otherwise black could play 5...e5,restricting the
mobility of Nh3)} e5 6. dxe6 Bxe6 7. Nf4 Bf7 $132 {and black's position looks
solid enough.}) 5. Nf4 d6 ({Interesting was also:} 5... Nc6 $5 {not weakening
the light squares.}) 6. d5 {Ofcourse,that advance is the only way to fight for
the initiative-white must secure the statement of Nf4.} c6 $146 {Intending to
break white's pawns centre. That typical move is new in this position
according to my Database.} ({Logical would be also:} 6... Na6 7. h4 Nc5 {
taking control of e6-spot} 8. h5 e5 9. dxe6 Nxe6 10. Qa4+ Kf7 $132 {1/2-1/2
Ruckschloss,K-Vrana,F/Bratislava 1991/EXT 2001 (47)} (10... c6 $2 11. hxg6 Nxf4
12. Bxf4 hxg6 13. Rxh8+ Bxh8 14. O-O-O $16 {[%csl Rd6]})) 7. h4 {[%cal Gh4h5]}
Ng4 $1 {Joanna finds the best plan: now h4-h5-h6 advancement is not very
dangerouse,as the Bg7 has some place for retreat along the diagonal a1-h8. At
the same time,the appearance of Ng4 is quite unpleasant for white,so the Ke1
is not safe as well.} (7... Na6 8. h5 Kf7 (8... e5 9. dxe6 g5 10. h6 Bf8 11.
Nh3 g4 12. Ng5 $16) 9. h6 Bf8 10. Nh3 $36) (7... O-O 8. h5 g5 9. h6 Bh8 10. Nh3
g4 11. Nf4 Qb6 12. e3 $36) (7... Qa5 8. Bd2 Qb6 9. Na4 Qc7 10. h5 $36) 8. e3 {
That ''shy'' developing move proves the power of black's previous move.} ({
Nothing special promised also:} 8. f3 Ne5 9. e4 Qa5 10. Bd2 O-O $132) ({
But interesting was also:} 8. e4 $5 Qb6 9. Qc2) 8... Na6 9. Be2 e5 $2 {A very
strange decision-there was no reason for such a panic. Now white just wins the
pawn and gets a good attacking perspectives.} ({The threat of 10.Bxg4 wasn't
very significant. For instance,} 9... Nc5 10. Bxg4 fxg4 11. h5 gxh5 12. Nxh5
Be5 $132 {led to a very complicated position,where black's chances are not
worse.}) ({Comes to consideration also:} 9... Ne5 10. h5 Nc5 11. Qc2 a5 $132)
10. dxe6 Ne5 $6 {An additonal mistake which makes white's task easier.} ({
More resistant would be:} 10... Nc5 11. e4 $1 (11. Bxg4 $2 fxg4 12. Qxg4 Qe7
$44) 11... Nxe6 (11... Ne5 12. exf5 gxf5 13. Nh5 $16) 12. exf5 gxf5 (12... Nxf4
13. Bxf4 gxf5 14. Bxd6 $16) 13. Bxg4 fxg4 14. Qxg4 $16 {although white is a
heavy pawn up here.}) 11. e4 $1 {Freeing a way for the Nf4 to h5.} O-O ({
The following alternatives were similar to the game:} 11... Nc5 12. exf5 gxf5
13. Nh5 $18) (11... Qe7 12. exf5 gxf5 13. Nh5 $18) 12. exf5 gxf5 (12... Rxf5
13. Ne4 Bh6 14. g3 $18) 13. Nh5 $1 {The most energetical way-after exchanging
the Bg7,white's position becomes winning from strategical point of view.} (13.
Be3 $143 Nc7 14. Nh5 Nxe6 $16) 13... Bxe6 ({Unfortunately,black couldn't avoid
an exchange of his important bishop:} 13... Bh8 14. Bg5 Qb6 15. e7 Re8 16. Qd2
$18) 14. Nxg7 Kxg7 15. Bg5 Qd7 16. Qd2 {Taking a full control of the dark
squares.} Nf7 ({Hardly better would be also:} 16... Kg8 17. Qd4 Qg7 18. O-O-O
$18 {and although the material ballance,black's position is lost.}) 17. Bf4 Qe7
18. Rh3 {Adding one more piece into attack.} ({Good enough was also} 18. O-O-O
$18) 18... Qf6 19. O-O-O $18 {White's position is almost winning thanks to the
weakness of Kg7.} Rfd8 {That move loses by force,but i don't see any
reasonable alternative.} ({After} 19... Rfe8 20. Rg3+ Kf8 21. Bxd6+ ({here} 21.
Bh5 $5 $18 {is also strong}) 21... Nxd6 22. Qxd6+ $18 {white is just a pawn up,
while black's king is extremely weak.}) 20. Rg3+ Kf8 ({Hopeless was also:} 
20... Kh8 21. Bh5 Rg8 22. Bxf7 Bxf7 23. Bg5 $18 {[%csl Rf6,Rh8]}) 21. Bh5 $1 {
Exchanging the Nf7 which is the last defender of the dark squares.} Rd7 (21...
Bxc4 22. Bxf7 Kxf7 23. Bg5 $18) 22. Re1 {White is not hurrying with taking the
pawns and just increases the pressure on black's king.} ({Good enough was also:
} 22. Bxf7 Kxf7 23. Bxd6 Bxc4 24. Qf4 $18 {[%cal Gd6e5,Gg3g5]}) 22... Bxc4 {
That leads to a loss of material.} (22... Nc5 23. Bxf7 Kxf7 24. Bg5 Qh8 25. Be3
$18 {[%csl Rf7,Rh8]}) 23. Bxf7 Kxf7 {[%tqu "En","Please,find the winning
continuation.","","","f4e5","",10]} 24. Be5 $1 {That little combination allows
white to win the exchange.} dxe5 ({After} 24... Qe6 {the penetration of
white's rook decides the game very quickly:} 25. Rg7+ Kf8 26. Rxd7 Qxd7 27.
Bxd6+ Kg8 28. Re7 $18) 25. Qxd7+ Kf8 26. Rg5 (26. Qxh7 Nc5 27. Rd1 $18 {
[%cal Gg3g5]}) 26... Nc5 27. Qxf5 $6 {White wins the pawn and trades the
queens,but he had a stronger way.} (27. Qxh7 $142 Nd3+ 28. Kd2 $18) 27... Qxf5
28. Rxf5+ Kg7 29. Re3 {.} Re8 ({Black was unable to create any threats:} 29...
Nd3+ 30. Kb1 Rd8 31. b3 Bf7 32. Rg3+ $18) 30. Kc2 Bf7 {[%cal Gf7g6]} 31. h5 ({
Possible was also:} 31. Rfxe5 Bg6+ 32. Kd2 Rd8+ 33. Ke2 $18) 31... Ne6 32.
Rfxe5 {Now white is also a pawn up. The rest is just an agony.} Kf6 33. Kc1 Rd8
34. g4 Rd4 35. R5e4 Rd8 36. b4 h6 37. Re1 Ng5 38. Rf4+ Kg7 39. Re7 1-0

[Event "Paris NAO GM 4th"]
[Site "Paris"]
[Date "2004.12.19"]
[Round "5"]
[White "Goldsztejn, Gildas"]
[Black "Vachier Lagrave, Maxime"]
[Result "0-1"]
[WhiteElo "2359"]
[BlackElo "2493"]
[Annotator "Roiz,M"]
[PlyCount "62"]
[EventDate "2004.12.15"]
[EventType "tourn"]
[EventRounds "9"]
[EventCountry "FRA"]
[EventCategory "10"]
[SourceTitle "CBM 105"]
[Source "ChessBase"]
[SourceDate "2005.04.11"]
[SourceVersion "1"]
[SourceVersionDate "2005.04.11"]
[SourceQuality "1"]

{[%mdl 1024]} 1. d4 f5 2. c4 Nf6 3. Nc3 g6 4. h4 {A very agressive approach to
playing against the Leningrad system. In my opinion, h2-h4 is not connected
well with c2-c4. On the other hand, black also has weakened his k-side by
f7-f5 and g7-g6,so white's idea is quite logical.} d6 {In my opinion, black
should take care about a quick development, so that move looks a bit slowly.} (
{The most popular} 4... Bg7 {looks safer.}) 5. Bg5 {An original decision-it's
clear, that black has to put his B on g7 anyway, while white's next move is
not really ''necessary''} ({More energetically looks:} 5. h5 {-see my comments
to 1-0 Radjabov,T-Bartel,M/ FIDE-Wch k.o. 2004 [Roiz]}) 5... Bg7 6. h5 ({
A possible quiet alternative is:} 6. e3 c6 7. Nge2 e5 $6 8. dxe5 dxe5 9. Qxd8+
Kxd8 10. h5 Ke7 11. f4 Nbd7 12. e4 $36 {1-0 Chepukaitis,G-Galdunts,S/St
Petersburg 1992/EXT 97 (36)}) 6... Nxh5 7. e4 $6 $146 {An unsuccessful
decision. White has weakened his centre, so now the sacrifice on h5 is not
actual.} ({Much stronger was:} 7. Rxh5 $5 gxh5 8. e3 c6 9. Qxh5+ Kd7 10. O-O-O
Qe8 11. Qh4 $44 {0-1 Chepukaitis,G-Levada,I/Novgorod 1999/CBM 69 ext (75)
although here it looks less convincing than after 5.h5.}) 7... O-O $1 {Black
doesn't worry about safety of his monarch, as white is not ready for a
sacrifice on h5 due to weakness of Pd4.} (7... h6 8. Rxh5 gxh5 9. Qxh5+ Kf8 10.
Be3 Nc6 11. O-O-O $44) 8. Be2 {Ofcourse, that quiet move is a sign of
unsuccesful play.} ({White doesn't get a safficient compensation for a pawn
after} 8. exf5 Rxf5 9. Nf3 Nc6 10. Be3 Rf8 $15) 8... Nf6 9. exf5 ({Nothing
good promised} 9. e5 Ne4 10. Nxe4 (10. Nf3 Nxg5 11. Nxg5 h6 12. Nf3 c5 $17 ({
Only not} 12... Nc6 $2 13. e6 $1)) 10... fxe4 $15) 9... Bxf5 10. Bf3 Nc6 11.
Nge2 e5 ({Deserved attention also} 11... Nb4 $5 12. Kf1 c6 13. Qb3 a5 $17 {
[%csl Rb3] with a heavy extra pawn.} 14. a3 $140 Bc2 $19) 12. g4 Bd7 13. Bd5+
Nxd5 $5 {An original decision of young talented player! Black sacrifices a
whole queen in order to seize the initiative!} ({At the same time, i don't see
how white can develop his initiative after a ''normal'' line} 13... Kh8 14. Qd3
Qe8 $1 15. Bxf6 Bxf6 16. Qh3 Qe7 $17) 14. Bxd8 Nxc3 15. bxc3 $6 {After that
tackle white's king could never find a safe place on the board} ({Better was:} 
15. Nxc3 Raxd8 16. d5 Nd4 $36 {[%csl Gd4,Rf3,Rf4,Rg4] although black's
initiative is also very strong.}) 15... Raxd8 {White has no counterplay at all
-all his heavy pieces are very passive. That means,that black may just attack
white's weak pawns. In my opinion,white's position is already lost!} 16. Qd2 ({
Badly is also:} 16. d5 Na5 {[%csl Rc4,Rg4] and the weak pawns will fall very
soon.}) 16... exd4 17. cxd4 $2 {That is already a decisive mistake.} ({The
only chance was:} 17. Nxd4 Ne5 18. O-O-O Bxg4 19. Rdf1 $17 {and white has some
practical chances of surviving ,as his king is not under direct attack!} ({
or even} 19. Rdg1 $5 Rxf2 20. Qg5 Bf6 21. Qh6 Rd7 22. Rf1 {trying to get some
counterplay})) 17... Rde8 $1 {All black pieces become very powerful.} 18. Kf1
$8 Bxg4 19. Re1 {White tries to avoid an immediate loss of material, but he
cannot hold on for a long time.} (19. Nc3 Bxd4 20. Rh2 Re3 21. Rc1 Rh3 $19)
19... Re4 {All black's moves are very natural and simple, while white cannot
consolidate his position.} 20. d5 (20. Ng3 Rxd4 21. Qg5 Ne5 $19) 20... Ne5 $19
{White is completely hopeless now. Black may just take all the pawns. Two
black's bishops are stronger than white's queen in this position!} 21. Ng3 Rxc4
22. Re4 {Trying to simplify the position.} Rc5 {Avoiding all the possible
exchanges!} ({Black is not satisfied even with} 22... Bf3 23. Rxc4 Nxc4 24. Qc1
Bxh1 25. Qxc4 Bf3 26. Qxc7 Bxd5 $19) 23. Rh4 {That move loses immediately.} Nf3
24. Qe3 Rc3 {Now black also gets a material advantage. The rest is just an
agony.} 25. Qxa7 Rc1+ 26. Ke2 Re1+ 27. Kd3 Rxe4 28. Nxe4 Nxh4 29. Qxb7 Bf5 30.
Qc6 Nf3 31. Ke3 Bh6+ 0-1